| 000 | 00454nam a22001697a 4500 | ||
|---|---|---|---|
| 020 | _a9786010110540 | ||
| 082 |
_a181.92 _bMAS |
||
| 100 | _aMashani, Akzhan | ||
| 245 |
_aBolmyspen betpe-bet : _ba cognitive book about Al-Farabi and Abai |
||
| 260 |
_aAlmaty: _bAlmatykitap, _c2012. |
||
| 300 | _a270p | ||
| 504 | _aKazakh Language | ||
| 563 | _aHB | ||
| 650 | _aIslamic philosophy | ||
| 650 |
_aKazakh philosophy _9134009 |
||
| 942 |
_2ddc _cBK |
||
| 999 |
_c616928 _d616928 |
||